[Event "Dhaka Saarc op"]
[Site "Dhaka"]
[Date "2019.11.28"]
[Round "4"]
[White "Hossain, Showkat Pollab"]
[Black "Nafimal, Karim"]
[Result "1-0"]
[WhiteElo "2088"]
[BlackElo "1733"]
[PlyCount "71"]
[EventDate "2019.11.25"]
[EventType "swiss"]
[EventRounds "9"]
[EventCountry "BAN"]
[SourceTitle "CBM 193 Extra"]
[Source "ChessBase"]
[SourceDate "2020.01.31"]
[SourceVersion "1"]
[SourceVersionDate "2020.01.31"]
[SourceQuality "1"]

1. d3 d5 2. Nf3 Nf6 3. g3 c6 4. Bg2 Bg4 5. h3 Bh5 6. Ne5 Nbd7 7. f4 Nxe5 8. fxe5 Nd7 9. d4 e6 10. 0-0 Be7 11. Qe1 Bg6 12. e4 Bxe4 13. Bxe4 dxe4 14. Qxe4 0-0 15. c4 Qc7 16. Bf4 Nb6 17. b3 Rfd8 18. Nc3 Bb4 19. Ne2 Rd7 20. Rf3 Bf8 21. a4 a5 22. Rd1 Qd8 23. Rfd3 h6 24. h4 Bb4 25. h5 Be7 26. Be3 Bg5 27. Bf2 Be7 28. Kg2 Kh8 29. Qf3 Kg8 30. Nf4 Bf8 31. Be3 Qc7 32. Nh3 Rad8 33. Nf2 c5 34. Ne4 cxd4 35. Bxd4 Bb4 36. Bxb6 1-0

[Event "Dhaka Saarc op"]
[Site "Dhaka"]
[Date "2019.11.25"]
[Round "1"]
[White "Uten"]
[Black "Nafimal, Karim"]
[Result "1-0"]
[WhiteElo "2086"]
[BlackElo "1733"]
[PlyCount "63"]
[EventDate "2019.11.25"]
[EventType "swiss"]
[EventRounds "9"]
[EventCountry "BAN"]
[SourceTitle "CBM 193 Extra"]
[Source "ChessBase"]
[SourceDate "2020.01.31"]
[SourceVersion "1"]
[SourceVersionDate "2020.01.31"]
[SourceQuality "1"]

1. e4 e5 2. Nf3 Nc6 3. Bb5 a6 4. Ba4 Nf6 5. 0-0 b5 6. Bb3 Bc5 7. c3 d6 8. h3 0-0 9. Qe2 Bb7 10. d3 h6 11. Rd1 Re8 12. Nbd2 Bb6 13. Nf1 Ne7 14. Ng3 Ng6 15. Nf5 d5 16. Be3 Bxe3 17. Qxe3 Qc8 18. Bc2 c5 19. Nd6 Qc6 20. Nxe8 Rxe8 21. Re1 d4 22. Qd2 Bc8 23. a4 Nf4 24. Kh2 N6h5 25. g4 Nf6 26. Nxe5 Rxe5 27. Qxf4 Re8 28. axb5 axb5 29. cxd4 cxd4 30. Bb3 Re7 31. Rec1 Qd7 32. Ra8 1-0

[Event "BAN-ch U20"]
[Site "Dhaka"]
[Date "2019.05.21"]
[Round "7"]
[White "Nafimal, Karim"]
[Black "Mahfuzur, Rahman Saif"]
[Result "1-0"]
[WhiteElo "1685"]
[BlackElo "1461"]
[PlyCount "37"]
[EventDate "2019.05.15"]
[EventType "swiss"]
[EventRounds "8"]
[EventCountry "BAN"]
[SourceTitle "EXT 2020"]
[Source "ChessBase"]
[SourceDate "2019.10.17"]
[SourceVersion "1"]
[SourceVersionDate "2019.10.17"]
[SourceQuality "1"]

1. e4 e5 2. Nf3 Nc6 3. Bb5 a6 4. Ba4 Bc5 5. c3 b5 6. Bb3 Nf6 7. 0-0 0-0 8. d4 exd4 9. cxd4 Bb6 10. e5 Ne8 11. Bg5 Ne7 12. Nc3 h6 13. Bh4 Kh8 14. Nd5 f6 15. exf6 Nxf6 16. Ne5 g5 17. Nxe7 gxh4 18. Qd2 Kg7 19. Nf5+ 1-0

[Event "BAN-ch U20"]
[Site "Dhaka"]
[Date "2019.05.20"]
[Round "6"]
[White "Subrota, Biswas"]
[Black "Nafimal, Karim"]
[Result "1-0"]
[WhiteElo "2086"]
[BlackElo "1685"]
[PlyCount "53"]
[EventDate "2019.05.15"]
[EventType "swiss"]
[EventRounds "8"]
[EventCountry "BAN"]
[SourceTitle "EXT 2020"]
[Source "ChessBase"]
[SourceDate "2019.10.17"]
[SourceVersion "1"]
[SourceVersionDate "2019.10.17"]
[SourceQuality "1"]

1. d4 d5 2. Nf3 Nf6 3. Bf4 c5 4. e3 Nc6 5. c3 Qb6 6. Qb3 e6 7. Nbd2 c4 8. Qc2 Be7 9. h3 Bd7 10. Be2 0-0 11. 0-0 Rfc8 12. e4 Be8 13. Rfe1 Qd8 14. exd5 Nxd5 15. Bh2 b5 16. a3 Na5 17. Bd1 Nf6 18. Ne5 Bc6 19. Ndf3 Bb7 20. Ng5 Nb3 21. Rb1 Qe8 22. Nexf7 h6 23. Bh5 hxg5 24. Nh6+ gxh6 25. Bxe8 Rxe8 26. Qg6+ Kf8 27. Be5 1-0

[Event "BAN-ch U16"]
[Site "Dhaka"]
[Date "2017.04.26"]
[Round "2"]
[White "Nafimal, Karim"]
[Black "Mohammad Fahad, Rahman"]
[Result "0-1"]
[WhiteElo "1441"]
[BlackElo "2182"]
[PlyCount "76"]
[EventDate "2017.04.25"]
[EventType "swiss"]
[EventRounds "7"]
[EventCountry "BAN"]
[SourceTitle "CBM 178 Extra"]
[Source "ChessBase"]
[SourceDate "2017.06.22"]
[SourceVersion "1"]
[SourceVersionDate "2017.06.22"]
[SourceQuality "1"]

1. e4 c5 2. Nf3 Nc6 3. d4 cxd4 4. Nxd4 Qc7 5. Nc3 e6 6. Nxc6 bxc6 7. Be2 Nf6 8. 0-0 Be7 9. f4 d5 10. e5 Nd7 11. Kh1 Bb7 12. Be3 a6 13. Bd3 c5 14. Bg1 d4 15. Nb1 g5 16. fxg5 Nxe5 17. Nd2 Nxd3 18. cxd3 Bxg5 19. Ne4 Bxe4 20. dxe4 Rg8 21. Qa4+ Kf8 22. Qc4 Qe5 23. b4 Be7 24. bxc5 Bxc5 25. Rf3 Rg5 26. Rd1 Rd8 27. Rdf1 Rd7 28. Qxa6 Kg7 29. Qc8 Re7 30. Bf2 Qxe4 31. Re1 Qb7 32. Qd8 Qd5 33. Qxd5 Rxd5 34. Rd3 e5 35. Red1 f5 36. a4 Ra7 37. Ra1 e4 38. Rdd1 d3 0-1